000
00326nam a22001457a 4500
003
SGT
082
_a
612
_b
M17K
100
_a
KHURANA, INDU
245
_a
MEDICAL PHYSIOLOGY FOR UNDERGRADUATE STUDENTS
250
_a
1ST
260
_a
INDIA
_b
ELSEVIER
_c
2017
300
_a
1002
650
_a
PHYSIOLOGY
942
_2
ddc
_c
BK
_0
157
999
_c
14110
_d
14110